Normal view
MARC view
- YASUSHI,CHEN HENG SHU
Entry Personal Name
001 - CONTROL NUMBER
- control field: 89456
003 - CONTROL NUMBER IDENTIFIER
- control field: NUST
005 - DATE AND TIME OF LATEST TRANSACTION
- control field: 20220223152405.0
008 - FIXED-LENGTH DATA ELEMENTS
- fixed length control field: 220223|| aca||aabn | a|a d
040 ## - CATALOGING SOURCE
- Original cataloging agency: NUST
- Transcribing agency: NUST
100 ## - HEADING--PERSONAL NAME
- Personal name: YASUSHI,CHEN HENG SHU
670 ## - SOURCE DATA FOUND
- Source citation: Work cat.: (NUST): YASUSHI,CHEN HENG SHU., MULTI AGENT APPLICATION WITH EVALUTIONARY /, 2011.
